00354nam a2200109Ia 4500082001900000100002400019245010000043260003600143300001500179500002900194700002100223 aRR 016.327 LAB aLa Barr, Dorothy F. 0aStudy of international politics : A guide to the source for the student, teacher and researcher aSanta BarbarabClio Booksc1996 axix, 211p. aAuthor index : P.189-211 aSinger, J. David